[Event "EU-ch 6th"]
[Site "Warsaw"]
[Date "2005.06.23"]
[Round "6"]
[White "Nielsen, Peter Heine"]
[Black "Siebrecht, Sebastian"]
[Result "1-0"]
[WhiteElo "2653"]
[BlackElo "2438"]
[Annotator "Ribli,Z"]
[PlyCount "56"]
[EventDate "2005.06.18"]
[EventType "swiss"]
[EventRounds "13"]
[EventCountry "POL"]
[SourceTitle "CBM 108"]
[Source "ChessBase"]
[SourceDate "2005.09.26"]
[SourceVersion "1"]
[SourceVersionDate "2005.09.26"]
[SourceQuality "1"]

1. d4 g6 2. c4 Bg7 3. e4 Nc6 4. Ne2 (4. d5 Nd4 5. Nc3 e5 6. Nge2 $14 c5 $6 7.
Nxd4 exd4 8. Nb5 d6 9. b4 $36) 4... d6 5. Be3 (5. Nbc3) 5... e5 6. Nbc3 (6. d5
Nce7 {[%cal Gf7f5]}) 6... exd4 7. Nxd4 Nge7 8. h4 O-O {Eine bescheidene
Fortsetzung und nach 8.h4 nicht besonders logisch. Meiner Meinung nach bietet
die Alternative 8...f5 Schwarz bessere Gegenchancen.} (8... f5 9. h5 Rf8 (9...
fxe4 10. hxg6 hxg6 11. Rxh8+ Bxh8 12. Nxe4 Bf5 13. Nxf5 gxf5 14. Qh5+ Kd7 15.
O-O-O {1-0 Hansen,C-Lehtinen,H/Aarhus 2003/CBM 098/[Atlas,V] (34)}) 10. hxg6
hxg6 11. g3 fxe4 12. Nxe4 d5 13. Ng5 Bxd4 14. Bxd4 dxc4 15. Bg7 Rg8 16. Bc3 $44
{1-0 Lautier,J-Degraeve,J/Belfort 2004/ (36)}) (8... h5 9. Be2 Ne5 10. Qd2 $5
a6 (10... Ng4 11. Bg5 f6 12. Bf4 $14) 11. Bg5 c6 12. Rd1 (12. O-O-O $6 f6 (
12... b5 $5 $132) 13. Bf4 b5 14. Nf3 Qa5 15. Qxd6 $16) 12... f6 13. Bf4 b5 14.
cxb5 axb5 15. a3 Bd7 16. Nf3 $5 Nc8 17. Na2 $1 {1-0 Gurevich,M-Horvath,J/
Haarlem 1998/CBM 66/[Gurevich,M] (36)}) 9. h5 Re8 (9... Nxd4 10. Bxd4 Bxd4 11.
Qxd4 Nc6 12. Qe3 Be6 13. f4 Qe7 14. Be2 Rae8 15. O-O-O {1-0 Gofshtein,L-Danner,
G/Hartberg 1991/EXT 97 (33)}) (9... f5 10. hxg6 hxg6 11. c5 $5 {1-0 Mortensen,
E-Rewitz,P/Denmark 1998/EXT 2000 (45)}) 10. hxg6 fxg6 (10... hxg6 11. Qd2 $36)
11. Be2 $36 {Weiß hat eine gesunde Stellung, dominiert das Zentrum und besitzt
Angriffchancen am Königsflügel.} Nxd4 (11... Ne5 12. Qd2 (12. f4 $16) 12...
N7c6 13. O-O-O $16) 12. Bxd4 Bxd4 13. Qxd4 Nc6 14. Qe3 {[%cal Ge3h6,Gh1h7] Mit
einfachen Zuügen erreicht Weiß positionelle Überlegenheit} Be6 (14... Qf6 15.
O-O-O $16 (15. Nd5 Qxb2 16. Rd1 $44)) 15. O-O-O Qf6 16. f4 $16 {Weiß besitzt
einen starken Angriff am Königsflügel und es ist schwer für Schwarz Gegenspiel
zu finden.} (16. Nd5 Bxd5 (16... Qf7 17. Rh4 $16) 17. cxd5 $16) 16... Qf7 17.
g4 $5 {Weiß beschäftigt sich nicht mit der Verteidigung des c4-Bauern; er
möchte die Linien am Königsflügel öffnen, um direkten Angriff zu erlangen.} (
17. Nd5 $16) 17... Bxc4 18. Bxc4 Qxc4 19. f5 {[%mdl 128] Es droht 20.fxg6 hxg6
21.Qh6 mit sofortigem Gewinn.} Ne5 20. Kb1 {[%cal Gc3d5] Weiß bringt seinen
König aus der Fesselung heraus, um seinen Angriff mit Nd5 zu verstärken.} Qf7 (
20... Nxg4 21. Qf4 (21. Qg5) 21... Ne5 (21... h5 22. Qg5 $18) 22. Nd5 $18) 21.
Nd5 c6 (21... Nxg4 22. Qf4 h5 23. Rdg1 $40 (23. Qg5)) 22. fxg6 Nxg6 (22... hxg6
23. Qh3 (23. Rdf1 Qxf1+ 24. Rxf1 cxd5 25. Qb3 $18) 23... Qg7 24. Nc7 $18 {
[%csl Rg8][%cal Rc7e8,Rc7a8,Rh3b3,Rb3g8]}) (22... Qxg6 23. Rh6 $18) 23. Rhf1
Qe6 (23... Qxf1 24. Rxf1 cxd5 25. Qb3 $18) 24. Nf6+ (24. Nc7 $18) 24... Kg7 (
24... Kh8 25. Nxe8 (25. Qd4 c5 26. Qc3 Re7 27. Rd5 $40) 25... Rxe8 26. Rfe1 $18
) 25. Qh3 {Weiß gibt sich mit dem Qualitätsgewinn nicht zufrieden, sondern
spielt weiterhin auf Gewinn.} (25. Nxe8+ Rxe8 26. Rfe1) 25... Rh8 26. Nh5+ Kg8
27. Rxd6 $1 $18 {[%mdl 64] Mit diesem schönem Zug gewinnt Weiß die Partie
sofort.} Qxe4+ (27... Qxd6 28. Qb3+ $18) 28. Ka1 Qb4 (28... Qb4 29. Rd7 $18)
1-0

[Event "Marseille"]
[Site "Marseille"]
[Date "1990.??.??"]
[Round "2"]
[White "Chernin, Alexander"]
[Black "Norwood, David"]
[Result "1-0"]
[WhiteElo "2600"]
[BlackElo "2515"]
[Annotator "Ribli,Z"]
[PlyCount "101"]
[EventDate "1990.06.??"]
[EventType "tourn"]
[EventRounds "9"]
[EventCountry "FRA"]
[EventCategory "11"]
[SourceTitle "CBM 020"]
[Source "ChessBase"]
[SourceDate "1991.02.01"]
[SourceVersion "1"]
[SourceVersionDate "1991.02.01"]
[SourceQuality "1"]

1. d4 d6 2. e4 g6 3. c4 Bg7 4. Nc3 Nd7 5. Bg5 $5 c5 6. d5 h6 7. Bd2 Ngf6 8. Qc1
e6 9. Be2 exd5 10. exd5 Nb6 11. Nf3 Bg4 12. b3 Bxf3 13. Bxf3 Qe7+ 14. Kf1 Nbd7
15. Qc2 O-O 16. Re1 Ne5 17. Bd1 Qc7 18. g3 $14 a6 19. a4 h5 20. h3 Rfe8 21. Kg2
b6 22. f4 Ned7 23. Ref1 Nf8 24. Bf3 Qd7 25. Qd3 N8h7 26. Rb1 Re7 27. Rhe1 Rxe1
28. Rxe1 Re8 29. Rb1 Qc7 30. Nd1 Nd7 31. Nf2 Bd4 32. g4 Qd8 33. gxh5 Qh4 34.
Ne4 gxh5 35. Rf1 Kh8 36. Kh2 Ndf6 37. Be1 $1 Qxf4+ 38. Bg3 Qh6 39. Nxd6 Rf8 40.
Nf5 Qg6 41. Be2 Re8 42. Nxd4 cxd4 43. Bf4 Ng5 44. d6 Re4 45. Qd2 Ne6 46. Bd3
Nd7 47. Bxe4 Qxe4 48. Bg3 Kg7 49. Qf2 Qg6 50. Bh4 Kf8 51. Qf3 1-0

[Event "HUN-ch"]
[Site "Budapest"]
[Date "1996.??.??"]
[Round "3"]
[White "Lukacs, Peter"]
[Black "Horvath, Jozsef"]
[Result "1/2-1/2"]
[WhiteElo "2475"]
[BlackElo "2515"]
[Annotator "Ribli,Z"]
[PlyCount "98"]
[EventDate "1996.12.??"]
[EventType "tourn"]
[EventRounds "11"]
[EventCountry "HUN"]
[EventCategory "9"]
[SourceTitle "CBM 057"]
[Source "ChessBase"]
[SourceDate "1997.04.01"]
[SourceVersion "1"]
[SourceVersionDate "1997.04.01"]
[SourceQuality "1"]

1. d4 g6 2. c4 Bg7 3. e4 d6 4. Nc3 e5 {Das ist Ehlvests Lieblingsvariante in
der letzten Zeit. Weiß hat drei Hauptmöglichkeiten: 1.mit 5.Nf3 exd4 6.Nxd4
entstehen ähnliche Motive wie in der Sizilianischen Verteidigung,
Maroczy-Aufbau, oder die Partiefortsetzung mit kleinerer Initiative, ohne
Damen. Die dritte Variante ist selten gespielt, das ist 5.d5. In einer Partie
Vegh-Horvath,Jo kam: 5.d5 Ne7?! 6.h4 h5 7.Bg5 Nd7 - 7.,..Bh6 - 8.Qd2 a5 9.
0-0-0 Nc5 10.f3 Bd7 11.Nh3 und Weiss stand klar besser, er hat die Drohung
Nf2-und g4. Schwarz hat kein Gegenspiel. Aber ich bin sicher, daß nach 5.d5 f5
die beste Antwort ist.Ribli.} 5. dxe5 dxe5 6. Qxd8+ Kxd8 7. f4 {Strategisch
steht Schwarz gut, weil der Punkt d4 eine positionelle Schwäche ist, und der
Bg7 eine offene Diagonale hat. Aber die Taktik spricht für Weiß, da es Schwarz
schwer fällt, ein gutes Feld für den König zu finden.Ribli.} Nc6 8. Nf3 Nd4 {
Das ist ein seltener Zug, üblicher ist die Alternative 8...Bg4.Ribli.} 9. Bd3 (
9. Kf2 exf4 $146 10. Bxf4 Ne6 11. Bd2 Nf6 12. h3 Nd7 $11 {das folgte in der
Partie Petursson-Ehlvest,Yerevan (ol)1996, mit späterem Gewinn für Schwarz.
Ribli.}) 9... Nxf3+ $6 (9... exf4 $5 10. Bxf4 Ne6 11. Bg3) 10. gxf3 Ne7 11.
fxe5 (11. h4 $5 $36) 11... Bxe5 12. Be3 Be6 (12... Bd7) (12... c6 $5 13. O-O-O
Kc7 14. Kc2 Re8 15. h4 h5 16. Bg1 Be6 17. Ne2 b6 $13 {Van Rijn-Cartier/
Nederland tt/1993/}) 13. O-O-O Kc8 {Das Hauptproblem von Schwarz besteht darin,
daß sein König keine Ruhe findet, deshalb fehlt die Verbindung zwischen den
Türmen.Ribli.} 14. Nd5 $14 {Wenn Schwarz den Springer nimmt -jetzt,oder im
folgenden Zug-, wird die weiße Bauernphalanx gefährlich.Ribli.} Re8 15. f4 Bg7
16. Bf2 $5 {Mit dem Textzug vermeidet Weiß taktische Verwicklungen auf der
e-Linie und plant die unangenehme Drohung 17.Bh4.Ribli.} (16. Kb1 $2 Nxd5 17.
cxd5 Bxd5 18. exd5 Rxe3) (16. Bc5 Nc6 (16... Ng8)) 16... b6 $6 (16... c6) (
16... Ng8 17. Z0 c6 $140 {In beiden Fällen steht Weiß aktiver, aber Schwarz
kann sich verteidigen.Ribli.}) 17. Bh4 Nc6 18. e5 $16 {Das ist noch stärker,
als 18.Nf6, das auch vorteilhaft für Weiß ist.Ribli.} Na5 19. Ne7+ (19. b4 $5
Nc6 (19... c6 20. Ne3 (20. Ne7+ Rxe7 21. Bxe7 Nxc4 22. Bxc4 Bxc4 {Es ist
technisch noch nicht leicht, aber Weiß hat einen klaren Endspielvorteil. Ribli.
})) 20. Be4) 19... Kb7 20. Be4+ c6 21. b4 Nxc4 22. Bxc6+ $6 (22. b5 Na5 23.
Nxc6 (23. bxc6+ Kc7 24. Nd5+) 23... Nxc6 24. Bxc6+ Kc7 25. Kb2) 22... Kc7 23.
b5 (23. Bxa8 Rxa8 {Und Weiß hat ein ganze Qualität mehr, aber die schwarzen
Leichtfiguren sind aktiv, und der schwarze Springer hat einen guten Stützpunkt
auf c4.Ribli.}) 23... Bh6 24. Bxa8 Bxf4+ $44 25. Kb1 Rxe7 $1 26. Be4 $13 (26.
Bxe7 $2 Bf5+ 27. Ka1 Bxe5+ $19) 26... g5 27. Be1 $8 (27. Bg3 Nd2+) 27... Na3+
28. Kb2 Nc4+ 29. Kb1 {Schwarz hat remis in der Hand, mehr nicht. Trotz
ernstlicher Zeitnot spielt Schwarz auf Gewinn.Ribli.} Bg4 30. Rd4 Na3+ (30...
Bxe5 31. Bg3 Na3+ 32. Kb2 Nxb5 33. Rc1+ Kb8 34. Bxe5+ Rxe5 35. Rd8+ $18 {
Diese Variante zeigt, daß Weiß auch seine Chancen hat.Ribli.}) 31. Kb2 Nxb5 32.
Rc4+ Kd8 33. Bg3 Bxe5+ 34. Bxe5 Rxe5 {In diesen Moment war ich in Budapest im
Turniersaal. Eine große Menge und beide Spieler in Zeitnot ! Aber ich glaube,
daß Schwarz objektiv besser steht, weil seine Bauern gefährlicher sind, als
der weiße Qualitätsvorteil.Ribli.} 35. Bxh7 Be6 (35... f5 $15) 36. Rd1+ Ke7 37.
Rc2 a5 (37... f5 38. a4 Nd6 39. Rc7+ Bd7 (39... Kd8 $4 40. Rc6 $18) 40. Rxa7)
38. a4 Nd6 39. Rc7+ Bd7 (39... Kd8 40. Rc6) 40. Bd3 Rd5 {Der letzte Zug in
Zeitnot. Ich glaube, 40...Kd8 bietet Schwarz mehr Chancen. Ribli.} 41. Bc2 Rxd1
42. Bxd1 f5 43. h3 $1 {Ein wichtiger Verteidigungszug, denn könnte Schwarz 43..
.g4 spielen, wäre sein f-Bauer gefährlich.Ribli.} Kd8 44. Rc3 f4 45. Rd3 Ke7
46. Rd5 Nc4+ 47. Kc1 $8 Ne3 48. Rxg5 Nxd1 49. Kxd1 {Und beide weißen Bauern
sind schwach, aber das reduzierte Material reicht für den Gewinn nicht mehr
aus. Ribli.} Bxh3 {Und in dieser gleichen Stellung remis gegeben.Ribli.}
1/2-1/2

[Event "Karditsa"]
[Site "Karditsa"]
[Date "1996.??.??"]
[Round "9"]
[White "Atalik, Suat"]
[Black "Skembris, Spyridon"]
[Result "1-0"]
[WhiteElo "2535"]
[BlackElo "2505"]
[Annotator "Ribli,Z"]
[PlyCount "101"]
[EventDate "1996.03.??"]
[EventType "tourn"]
[EventRounds "9"]
[EventCountry "GRE"]
[EventCategory "12"]
[SourceTitle "CBM 053"]
[Source "ChessBase"]
[SourceDate "1996.08.01"]
[SourceVersion "1"]
[SourceVersionDate "1996.08.01"]
[SourceQuality "1"]

1. d4 {Atalik,S} g6 2. c4 Bg7 3. e4 d6 4. Nc3 e5 5. dxe5 {Weiss waehlt eine
sichere Fortsetzung.} dxe5 6. Qxd8+ Kxd8 7. f4 Nc6 (7... Be6 8. Nf3 Nd7 9. Be2
Ne7 10. O-O c6 11. Be3 Ke8 12. Rad1 h6 13. h3 $14 {Cebalo,M-Marangunic,S/
CRO-ch/1995/CBM48/}) 8. Nf3 Bg4 (8... h6 9. Be3 exf4 10. O-O-O+ Bd7 11. Bxf4 g5
12. Bg3 Nge7 13. Nd5 $14 {Petursson,M-Ivkov,B/New York op/1988/INF45,59/}) (
8... Nd4 9. Kf2 $1 Nxf3 10. gxf3 Ne7 11. h4 h5 12. Be3 Be6 13. Rd1+ Kc8 14. Nd5
$14 {Kiriakov,P-Gorbatov,A/Moscow6/1995/EXP50/}) 9. fxe5 Nxe5 (9... Bxf3 10.
gxf3 Bxe5 {Tarjan-Matulovic Novi Sad 1975-20/165} 11. Bg5+ (11. Be3 $1 {
Atalik,S}) 11... Ke8 12. O-O-O $14 {Tarjan,J-Matulovic,M/Novi Sad/1975/INF20,
165/}) 10. Be2 $5 $146 {Mit dieser neuen Idee -der schwarze Koenig steht auf
d8 wegen der offenen d-Linie schlechter als wie auf e8- versucht der
tuerkische Grossmeister ins Vorteil zu kommen.} (10. Bg5+ Ke8 11. Be2 Nc6 12.
Nd5 Rc8 13. Bf4 Bxf3 14. gxf3 Be5 15. Bxe5 Nxe5 16. f4 Nd7 17. e5 Nh6 18. O-O-O
c6 19. Nc3 Nc5 $10 {Lalic,B-Nikolic,Z/Yugoslavia/1990/INF50,(66)/}) 10... Nxf3+
(10... Be6 {Atalik,S} 11. Ng5 $40) 11. gxf3 Be6 12. Bg5+ $5 {[#] Typischer Zug
ist in dieser Variante.} Bf6 (12... f6 13. O-O-O+ Kc8 14. Be3 $14) 13. O-O-O+
Kc8 (13... Ke8 14. h4 $36) 14. Be3 {Droht /\ Nb5} (14. h4 {Atalik,S} Bxg5+ (
14... h6 15. Be3 Ne7 (15... Bxc3 16. bxc3 Ne7 17. h5 $5 $36) 16. f4 Bxc3 17.
bxc3 f5 18. Bc5 $1 Re8 19. h5 $1) 15. hxg5 f6 16. gxf6 (16. Rdg1 $5 fxg5 (16...
Kd7 17. f4 $40) 17. Rxg5 Ne7 $140 18. Re5) 16... Nxf6 17. f4 Ng4 18. Rd4 $5)
14... Bxc3 {Der Springer auf c3 stoerte Schwarz sehr. Jetzt will der
Nachziehende die Stellung relative halten und gegen den c4-Bauern ein Spiel
organisieren.} (14... c6 15. h4 h5 16. Na4 $14 {/\ Nc5}) 15. bxc3 Ne7 16. Bg5
$1 Nc6 17. Bf6 Re8 $6 {Droht /\ b6 und Na5. Weiss will sofort zeigen, dass der
Turm auf e8 unguenstig steht.} (17... Rg8 $5) 18. c5 $1 {[#] Ein Exzellentes
Bauernopfer, mit dem Weiss den ganzen schwarzen Damenfluegel lahmlegt.} (18.
Rd2 {Atalik,S} b6 $17) 18... Bxa2 19. Rd2 (19. c4 {Atalik,S} Bb3 $132) 19...
Be6 (19... Bb3 20. Kb2 Ba4 21. Ra1 $18) 20. Bb5 $1 {[#] Fuer den geopferten
Bauern hat jetzt das Laeuferpaar freie Sicht in alle Richtungen. Schwarz
befindet sich in grosser Not. Nicht so einfach fuer den Nachziehenden einen
guten Rat zu geben, weil seine Figuren unkoordiniert sind.} Rb8 (20... a5 21.
Kb2 a4 22. Ka3 $16) (20... a6 $8 {Atalik,S} 21. Ba4 Kb8 $8 22. Rhd1 Ka7 23. Kb2
$44) 21. Kc2 (21. Rhd1 {Atalik,S} Bb3) 21... a6 22. Ba4 b5 $6 (22... Rg8 $14 {
/\ b5}) 23. cxb6 Rxb6 24. Bh4 $1 {Eine unangenehme Ueberraschung. Jetzt sehen
wir schon sehr genau, dass 17...Re8 ein ungenauer Zug gewesen war.} Kb7 (24...
Bd7 25. Bf2 $1 Nb4+ (25... Nd4+ 26. Rxd4 $18) (25... Rb8 26. Rxd7 $1 Kxd7 27.
Rd1+ $18) 26. Kb3 $1 Bxa4+ 27. Kxa4 $18) (24... a5 25. Bf2 Ra6 26. Bb5 $18) (
24... Bc4 {Atalik,S} 25. Bf2 Bb5 26. Bb3 Rb8 27. Bxf7 Rf8 28. Be6+ Kb7 29. Rb1
$18) 25. Bf2 Rb5 26. Bxb5 (26. Rb1 $2 {Atalik,S} Rxb1 27. Kxb1 Bc4) 26... axb5
{Natuerlich steht der Anziehender guenstiger, aber Schwarz hat einen Bauern
fuer die Qualitaet und seine Stellung ist relativ fest.} 27. Rb1 Bc4 28. Bg3 {
>< c7} Re7 (28... Ne5 {Atalik,S} 29. Bxe5 (29. Rd4 $2 c5 $1) 29... Rxe5 30. Rd4
Kc6 31. Rg1 $5 Rh5 32. Rg2) 29. Rbd1 Kc8 30. Bf4 f6 31. h4 Rf7 32. h5 g5 (32...
gxh5 {Atalik,S} 33. Rh1 Na5 34. Rxh5 Bb3+ 35. Kd3 Rg7 36. Rdh2 $18) 33. Bg3 Re7
(33... h6 {Atalik,S} 34. f4) 34. h6 Bf7 35. Rb1 Bc4 36. Rbd1 Rf7 $2 {Warum
nicht 36...Bf7 und warten, wie Weiss seinen Vorteil bis zum Sieg verwerten
kann.} (36... Bf7 {Atalik,S} 37. Kb2 $16) 37. f4 Re7 $6 (37... gxf4 38. Bxf4
Re7 $14 {/\ Bf7, Bg6}) 38. e5 $1 {[#] Ein feiner Durchbruch.} fxe5 (38... gxf4
39. exf6 Rf7 40. Bh4 $16) 39. fxg5 Bf7 40. Kb2 (40. Rf2 $1 {Atalik,S} Bg6+ 41.
Kc1 $18 Na5 (41... e4 {Atalik,S} 42. Rf6 $5 (42. Rf8+ $2 {Atalik,S} Kb7 43. Rg8
Re6 44. Rg7 e3 45. Rxc7+ Kb6) (42. Rd5 $1 {Atalik,S} e3 (42... Bf7 {Atalik,S}
43. Rc5) 43. Rf6 (43. Rf8+ Kb7 44. Rxb5+ Ka7 45. Rf6)) 42... Ne5 43. Bxe5 Rxe5
44. Rxg6 hxg6 45. Rh1 Re8 46. Kd2 Kd7 47. Rf1 c5 48. Rf6) 42. Rd5) 40... Bg6
41. Kc1 e4 42. Rf2 Na7 $2 (42... e3 43. Rf6 Na5 44. Rh1 {Droht /\ Rxg6 und h7})
43. Rf6 Bh5 44. Rd2 e3 45. Rh2 Be8 46. g6 $1 e2 (46... Bxg6 47. Rxg6 hxg6 48.
h7 $18) 47. Rxe2 $1 {Weiss spielt fuer's Publikum.} Rxe2 48. gxh7 b4 49. cxb4
Nb5 50. h8=Q Nc3 51. Rf8 {Ribli} 1-0

[Event "CRO-ch"]
[Site "Slavonski Brod"]
[Date "1995.??.??"]
[Round "?"]
[White "Cebalo, Miso"]
[Black "Marangunic, Srdjan"]
[Result "1-0"]
[WhiteElo "2570"]
[BlackElo "2445"]
[Annotator "Ribli,Z"]
[PlyCount "97"]
[EventDate "1995.02.??"]
[EventType "tourn"]
[EventRounds "13"]
[EventCountry "CRO"]
[EventCategory "10"]
[SourceTitle "CBM 048"]
[Source "ChessBase"]
[SourceDate "1995.10.01"]
[SourceVersion "1"]
[SourceVersionDate "1995.10.01"]
[SourceQuality "1"]

1. d4 g6 2. c4 Bg7 3. Nc3 d6 4. e4 e5 5. dxe5 {Dieser Zug bringt fuer den
Anziehenden einen ganz kleinen Vorteil.} dxe5 (5... Bxe5 $6 6. Nf3 Bg7 7. Bg5
$14 {Savchenko,S-Arbakov,V/Bern op/1995/EXP46/}) 6. Qxd8+ Kxd8 7. f4 Be6 8. Nf3
Nd7 9. Be2 Ne7 10. O-O c6 {Dieser Zug gewinnt ein Tempi, aber dafuer uebergibt
den d6-Punkt.} (10... h6 11. Rd1 exf4 12. Bxf4 g5 13. Bg3 Ng6 14. Rd2 c6 15.
Nd4 $14 {Suba,M-Azmayparashvili,Z/Reykjavik Summit/1990/CBM18/}) 11. Be3 Ke8
12. Rad1 h6 13. h3 exf4 14. Bxf4 g5 15. Bd6 $1 Nc8 16. Bg3 Ne7 {Weiss hat den
Tempi zurueckgewonnen.} 17. Nd4 $5 {Typisher Zug ist fuer derartige Stellungen.
} Bxd4+ 18. Rxd4 Ng6 19. Nd5 $1 {Weiss kann mit diesem schoenen vorlaeufigen
Figurenopfer seine Initiative behalten.} cxd5 20. exd5 Ndf8 21. Re4 $1 Ke7 22.
c5 $1 {Der Anziehende verstaerkt seinen Druck. Droht /\ Bd6 toedlich.} Nf4 23.
Bxf4 gxf4 24. Rfxf4 Rc8 25. b4 a5 26. Bh5 $1 Rh7 (26... axb4 27. Rxf7+ Kd8 28.
dxe6 $18) 27. dxe6 Nxe6 28. a3 {Weiss hat einen gesuendlichen Mehrbauern, und
der Gewinn ist nur noch eine Frage der Technik.} axb4 29. axb4 b6 30. cxb6 Rb8
31. Be2 Rxb6 32. b5 Rh8 33. Rh4 Kf6 34. Ra4 Rd6 35. Ra6 Rd2 (35... Rxa6 36.
bxa6 Kg5 37. Ra4 Ra8 38. a7 $18) 36. Bc4 Kf5 (36... Rg8 37. Rxh6+ Ke7 38. Ra7+
Kd6 39. Bf1 $18) 37. Rh5+ Kf4 38. Bxe6 fxe6 39. Ra4+ $1 Ke3 40. Re5+ Kd3 41.
Rxe6 Rb2 42. b6 h5 (42... Rg8 43. Rg4 $18) 43. Rf4 Rb5 (43... Rg8 44. Rf2 $18)
44. Kh2 Rg8 45. Rf3+ Kd4 46. Rg3 Rc8 47. Rg7 Rb8 48. Rd7+ Kc3 49. Rc6+ 1-0

[Event "Toledo"]
[Site "Toledo"]
[Date "1991.??.??"]
[Round "5"]
[White "Braga, Fernando Alberto"]
[Black "Azmaiparashvili, Zurab"]
[Result "0-1"]
[WhiteElo "2445"]
[BlackElo "2585"]
[Annotator "Ribli,Z"]
[PlyCount "98"]
[EventDate "1991.02.??"]
[EventType "tourn"]
[EventRounds "9"]
[EventCountry "ESP"]
[EventCategory "8"]
[SourceTitle "CBM 022"]
[Source "ChessBase"]
[SourceDate "1991.06.01"]
[SourceVersion "1"]
[SourceVersionDate "1991.06.01"]
[SourceQuality "1"]

1. d4 d6 2. Nf3 g6 3. c4 Bg7 4. Nc3 e5 5. e4 Bg4 6. dxe5 (6. d5 Nh6 (6... a5 7.
Be2 Bd7 8. O-O Na6 9. a3 Nf6 10. Be3 Ng4 11. Bg5 f6 12. Bd2 Nh6 13. b4 $1 $14 {
Epishin-Ehlvest New York op 1990 50/67}) 7. h3 Bxf3 8. Qxf3 O-O 9. g4 f5 $13 {
Lputian,S-Azmayparashvili,Z Lvov zt 1990 CBM/18}) 6... dxe5 7. Qxd8+ Kxd8 8.
Ng5 Nh6 9. Be3 f6 10. h3 Bd7 11. Nf3 Nf7 12. O-O-O c6 13. c5 Ke7 14. Nd2 Be6
15. Nc4 Nd7 16. Na5 Rab8 17. Ba6 $1 Nd8 18. Be2 b6 19. cxb6 axb6 20. Nc4 Nf7
21. Rd2 b5 22. Na5 Rhc8 23. Rhd1 Bf8 24. Bg4 (24. b4 Ke8 25. a3 c5 $1) (24. Kb1
$5) 24... f5 25. Bf3 b4 26. Na4 Ke8 27. exf5 gxf5 28. Rc2 e4 29. Be2 Ra8 30.
Nb6 b3 $1 31. axb3 Nxb6 32. Bxb6 Bb4 33. Rxc6 Bxa5 34. Bb5 Ke7 35. Bc5+ Kf6 36.
Kb1 Rxc6 37. Bxc6 Rc8 38. Bd4+ Kg6 39. Ba4 Rd8 40. Kc2 f4 41. Bc3 Rxd1 42. Kxd1
Bb6 43. Ke1 Kf5 44. b4 Ne5 45. g4+ fxg3 46. fxg3 Bc4 47. b3 Bd3 48. Be8 e3 49.
Bh5 Ke4 0-1

[Event "Biel Mixed"]
[Site "Biel"]
[Date "1991.??.??"]
[Round "6"]
[White "Summermatter, Daniel"]
[Black "Todorcevic, Miodrag"]
[Result "1-0"]
[WhiteElo "2350"]
[BlackElo "2435"]
[Annotator "Ribli,Z"]
[PlyCount "61"]
[EventDate "1991.07.??"]
[EventType "tourn"]
[EventRounds "11"]
[EventCountry "SUI"]
[EventCategory "9"]
[SourceTitle "CBM 025"]
[Source "ChessBase"]
[SourceDate "1991.12.01"]
[SourceVersion "1"]
[SourceVersionDate "1991.12.01"]
[SourceQuality "1"]

1. d4 g6 2. c4 Bg7 3. Nc3 d6 4. e4 Nd7 5. Nge2 (5. g4 $5 e5 6. d5 Ngf6 7. h4 h5
8. g5 Nh7 9. Be3 O-O 10. Nge2 Qe7 11. Ng3 Rd8 12. Be2 Ndf8 13. Qd2 c5 14. O-O-O
a6 15. Rdg1 b5 16. Qd1 bxc4 17. Bxh5 $1 gxh5 18. Qxh5 Rb8 19. Nf5 $146 {
Mirkovic-Todorcevic 51/59}) 5... e5 6. d5 Ne7 7. g4 $1 Nf6 8. h3 c6 9. Be3 cxd5
10. cxd5 a6 11. Ng3 b5 12. Be2 Bd7 13. Kf1 $1 Nc8 14. Kg2 Nb6 15. b3 $14 Qc7
16. Rc1 Qb7 17. g5 Ng8 18. a4 b4 19. a5 $1 Nc8 20. Na4 Bxa4 21. bxa4 f6 22. Qb3
fxg5 23. Rc4 Nf6 24. Rxb4 Qf7 25. Rb7 Ne7 26. Rb8+ Rxb8 27. Qxb8+ Kd7 28. Qa7+
Ke8 29. Rb1 Kf8 30. Bg4 Ne8 31. Be6 1-0

[Event "Belgrade IKO"]
[Site "Belgrade"]
[Date "1992.??.??"]
[Round "12"]
[White "Shipov, Sergei"]
[Black "Matulovic, Milan"]
[Result "1/2-1/2"]
[WhiteElo "2490"]
[BlackElo "2450"]
[Annotator "Ribli,Z"]
[PlyCount "48"]
[EventDate "1992.07.??"]
[EventType "tourn"]
[EventRounds "13"]
[EventCountry "YUG"]
[EventCategory "10"]
[SourceTitle "CBM 031"]
[Source "ChessBase"]
[SourceDate "1992.12.01"]
[SourceVersion "1"]
[SourceVersionDate "1992.12.01"]
[SourceQuality "1"]

1. d4 g6 2. c4 Bg7 3. e4 d6 4. Nc3 e5 5. Nf3 exd4 6. Nxd4 Nc6 7. Be3 (7. Nxc6
bxc6 8. c5 $5 Ne7 9. Bc4 O-O 10. O-O Rb8 11. Qa4 d5 12. Bb3 Be6 13. Rd1 Qc8 14.
Bg5 f6 15. Bf4 g5 16. Be3 $14 {Arkhipov,S-Schneider,Bl Nettetal 1991 EXP/21})
7... Nge7 8. Nxc6 (8. h4 $5 {Kasparov}) 8... Nxc6 (8... bxc6 9. Bd4 O-O (9...
f6 10. c5 d5 11. Be2 O-O 12. O-O $14 {Alburt,L-Seirawan,Y USA-ch m 1990 CBM/21
50/68}) 10. Bxg7 Kxg7 11. Qd4+ f6 12. c5 dxc5 13. Qxc5 Qd6 14. Qxd6 cxd6 15.
O-O-O d5 16. Be2 $1 Be6 17. Bf3 $14 {Polugaevsky,L-Azmayparashvili,Z Reykjavik
op 1990 49/73}) 9. Qd2 O-O 10. Be2 f5 11. O-O fxe4 12. Nxe4 Bf5 13. Nc3 (13.
Ng3 Qf6 14. Nxf5 gxf5 $13) 13... Qf6 14. Rad1 Rac8 15. Rfe1 Kh8 16. Bf3 (16. h3
$5) 16... Ne5 17. Bxb7 Nxc4 18. Bd4 $1 Qxd4 (18... Nxd2 $2 19. Bxf6 Rb8 20.
Bxg7+ Kxg7 21. Re7+ $16) 19. Qxd4 Bxd4 20. Rxd4 Rce8 $1 21. Rxe8 Rxe8 22. g4
Re1+ 23. Kg2 Be6 24. b3 Ne5 1/2-1/2